00622nam a2200265Ia 4500008004100000020001500041050000800056050001400064100002000078245001400098245002300112245002300135250001800158260001800176260001700194260000900211300001600220300002000236300001000256650001900266650001700285650001100302650002400313999001900337170712s9999 xx 000 0 und d a9718845046 a823 bJ831 2004 aJose, F. Sionil aViajero : ba Filipino novel / cby F. Sionil Jose. aThird edition aPhilippines : bSolidaridad, c2004 a313 pages : billustrations ; c22cm. aPhilippines -- aPhilippines. aTitle. xHistory -- Fiction. c340387d340387